| 000 | 00779nam a2200253Ia 4500 | ||
|---|---|---|---|
| 003 | OSt | ||
| 005 | 20220918165229.0 | ||
| 006 | a|||||r|||| 00| 0 | ||
| 007 | ta | ||
| 008 | 220917b |||||||| |||| 00| 0 eng d | ||
| 020 |
_a1842777637 (pbk) _c1552.05 |
||
| 024 | _a232,329 | ||
| 037 |
_b9992, 26/10/2007, Overseas Press _cTextual |
||
| 040 |
_aARTS _cARTS _beng |
||
| 041 |
_2eng _aeng |
||
| 082 | _aY7v6, P6 | ||
| 245 | 0 |
_aAfrican anthropologies _b history, critique and practice Edited by Mwenda Ntrarangwi, David Mills and Mustafa Babiker |
|
| 250 | _a2nd | ||
| 260 |
_aLondon _bZed Books UK _c2006 |
||
| 300 |
_axiv, 274p. _ccm. |
||
| 650 | _aSOCIOLOGY | ||
| 942 |
_hY7v6, P6 _cTEXL _2CC |
||
| 999 |
_c128881 _d128881 |
||